Most Receptions Ever by a Rookie for Every Team - Statistics

General Stats
  • This quiz has been taken 4 times
  • The average score is 20 of 33
Answer Stats
Team Yards Player % Correct
LVR 72 Amari Cooper
100%
DET 90 Amon-Ra St. Brown
100%
SFF 83 Earl Cooper
100%
CIN 81 Ja'Marr Chase
100%
MIA 104 Jaylen Waddle
100%
MIN 88 Justin Jefferson
100%
LAR 105 Puka Nacua
100%
HOU 66 Andre Johnson
75%
ARI 101 Anquan Boldin
75%
NYJ 83 Garrett Wilson
75%
WAS 72 Gary Clark
75%
CLE 66 Kevin Johnson
75%
NOS 92 Michael Thomas
75%
PIT 74 Najee Harris
75%
NYG 91 Odell Beckham Jr.
75%
CAR 80 Christian McCaffrey
50%
BUF 73 Dalton Kincaid
50%
DAL 76 Herschel Walker
50%
GBP 64 Jayden Reed
50%
SEA 67 Joey Galloway
50%
PHI 81 Keith Jackson
50%
TBB 80 Michael Clayton
50%
KAN 79 Rashee Rice
50%
NYG 91 Saquon Barkley
50%
TEN 72 Bill Groman
25%
ATL 72 Drake London
25%
DEN 91 Eddie Royal
25%
IND 68 Josh Downs
25%
JAX 64 Justin Blackmon
25%
LAC 71 Keenan Allen
25%
CHI 63 Matt Forte
25%
NEP 90 Terry Glenn
25%
BAL 77 Zay Flowers
25%
No matching quizzes found
Score Distribution
Percent of People with Each Score
Percentile by Number Answered
Your Score History
You have not taken this quiz